000 00805nab a2200241 u 4500
001 21655
003 HDC
007 cr bn ---aaaaa
008 210309b2015mmddmy d||ne |||| 00| 0 may d
040 _aHDC
245 0 _aPKS diberi maklumat psaran TPPA
_c/ Berita Harian
260 _aMalaysia:
_bNew Straits Times Press (M) Bhd.,
_c2015
300 _a1 online resource (page 17)
336 _atext
_2rdacontent
337 _acomputer
_2rdamedia
338 _aonline resource
_2rdacarrier
650 _aSmall business
_xCongresses
_919084
710 _aBerita Harian
856 _zRequest full-text at [email protected]
942 _2lcc
942 _cNEWS
942 _kNWSC 002784
999 _c18971
_d18971